书目信息 |
| 题名: |
植物与植物生理
|
|
| 作者: | 卞勇 , 杜广平 , 刘艳华 主编 | |
| 分册: | ||
| 出版信息: | 北京 中国农业大学出版社 2011.8 |
|
| 页数: | 455页 | |
| 开本: | 23cm | |
| 丛书名: | ||
| 单 册: | ||
| 中图分类: | Q94 , Q945 | |
| 科图分类: | ||
| 主题词: | 植物学--高等职业教育--教材 , 植物生理学--高等职业教育--教材 | |
| 电子资源: | ||
| ISBN: | 978-7-5655-0327-6 | |
| 000 | 01042nam0 2200301 450 | |
| 001 | 0400002325 | |
| 005 | 20171026085047.01 | |
| 010 | @a978-7-5655-0327-6@dCNY43.00 | |
| 100 | @a20111224e20132011em y0chiy50 ea | |
| 101 | 0 | @achi |
| 102 | @aCN@b110000 | |
| 105 | @aa z 000yy | |
| 106 | @ar | |
| 200 | 1 | @a植物与植物生理@9zhi wu yu zhi wu sheng li@f卞勇,杜广平,刘艳华主编 |
| 205 | @a第2版 | |
| 210 | @a北京@c中国农业大学出版社@d2011.8@h2013.9 | |
| 215 | @a455页@c图@d23cm | |
| 300 | @a通高等教育“十一五”国家级规划教材 高职高专教育“十二五”规划建设教材 | |
| 330 | @a本书以栽培作物、园林树木和花卉及常见的野生植物为主要对象,介绍了植物的细胞和组织、植物器官的形态与结构、植物分类、植物生理的基本知识。 | |
| 606 | 0 | @a植物学@x高等职业教育@j教材 |
| 606 | 0 | @a植物生理学@x高等职业教育@j教材 |
| 690 | @aQ94@v4 | |
| 690 | @aQ945@v4 | |
| 701 | 0 | @a卞勇@9bian yong@4主编 |
| 701 | 0 | @a杜广平@9du guang ping@4主编 |
| 701 | 0 | @a刘艳华@9liu yan hua@4主编 |
| 801 | 0 | @aCN@b91MARC@c20171020 |
| 905 | @b1032055-9@dQ94@f5@e352=2 | |
| 植物与植物生理/卞勇,杜广平,刘艳华主编.-第2版.-北京:中国农业大学出版社,2011.8(2013.9) |
| 455页:图;23cm |
| 通高等教育“十一五”国家级规划教材 高职高专教育“十二五”规划建设教材 |
| ISBN 978-7-5655-0327-6:CNY43.00 |
| 本书以栽培作物、园林树木和花卉及常见的野生植物为主要对象,介绍了植物的细胞和组织、植物器官的形态与结构、植物分类、植物生理的基本知识。 |
| ● |
| 相关链接 |
|
|
|
|
正题名:植物与植物生理
索取号:Q94/352=2
 
预约/预借
| 序号 | 登录号 | 条形码 | 馆藏地/架位号 | 状态 | 备注 |
| 1 | 1032055 | 210320552 | 第二样本阅览室/ [索取号:Q94/352=2] | 在馆 | |
| 2 | 1032056 | 210320561 | 密集书库-物理学院/ [索取号:Q94/352=2] | 在馆 | |
| 3 | 1032057 | 210320570 | 第三借阅区/ [索取号:Q94/352=2] | 在馆 | |
| 4 | 1032058 | 210320589 | 第三借阅区/ [索取号:Q94/352=2] | 在馆 | |
| 5 | 1032059 | 210320598 | 第三借阅区/ [索取号:Q94/352=2] | 在馆 |